CUSTOMERS' SATISFACTION TOWARDS THE SERVICES OF COMMERCIAL BANKS IN BANGLADESH : (Record no. 82150)
[ view plain ]
| 000 -LEADER | |
|---|---|
| fixed length control field | 00977nam a2200241 a 4500 |
| 001 - CONTROL NUMBER | |
| RUCL Control Number | 82150 |
| 003 - CONTROL NUMBER IDENTIFIER | |
| rucl marc code | BD-RjUL |
| 005 - DATE AND TIME OF LATEST TRANSACTION | |
| control field | 20231121103557.0 |
| 008 - FIXED-LENGTH DATA ELEMENTS--GENERAL INFORMATION | |
| fixed length control field | 231017s2014 bg a|||| m||| 00| 0 eng d |
| 035 ## - SYSTEM CONTROL NUMBER | |
| system control number | (BD-RjUL)82150 |
| 040 ## - CATALOGING SOURCE | |
| Original cataloging agency | BD-RjUL |
| Language of cataloging | eng |
| Transcribing agency | BD-RjUL |
| Modifying agency | BD-RjUL |
| 041 ## - LANGUAGE CODE | |
| Language code of Book | eng |
| 082 ## - DEWEY DECIMAL CLASSIFICATION NUMBER | |
| DDC Edition number | 23 |
| Classification number | 332.17 |
| Author mark and Year | AKC 2014 |
| 100 ## - MAIN ENTRY--PERSONAL NAME | |
| Personal name | Akterujjaman, S. M. |
| 9 (RLIN) | 9643 |
| 245 10 - TITLE STATEMENT | |
| Title | CUSTOMERS' SATISFACTION TOWARDS THE SERVICES OF COMMERCIAL BANKS IN BANGLADESH : |
| Remainder of title | A STUDY ON SELECTED BANKS / |
| Statement of responsibility, etc | S. M. Akterujjaman ; |
| Name of Supervisor/Co-Supervisor | Supervisor : M. Ahsan Habib. |
| 260 ## - PUBLICATION, DISTRIBUTION, ETC. (IMPRINT) | |
| Place of publication, distribution, etc | Rajshahi : |
| Name of publisher, distributor, etc | Institute of Business Administration, University of Rajshahi, |
| Date of publication, distribution, etc | 2014. |
| 300 ## - PHYSICAL DESCRIPTION | |
| Pagination | [2], xx, [1], 203 leaves : |
| Other physical details | ill.; |
| Dimensions | 29 cm. |
| 502 ## - DISSERTATION NOTE | |
| Dissertation note | Thesis(M.Phil.)-- Institute of Business Administration, University of Rajshahi,2014 |
| 504 ## - BIBLIOGRAPHY, ETC. NOTE | |
| Bibliography, etc | Bibliography : Leaves 187-195 |
| 650 ## - SUBJECT ADDED ENTRY--TOPICAL TERM | |
| Topical term or geographic name as entry element | Banking services |
| General subdivision | Commercial banks |
| Geographic subdivision | Bangladesh |
| 9 (RLIN) | 9644 |
| 700 ## - ADDED ENTRY--SUPERVISOR/CO-SUPERVISOR NAME | |
| Personal name | Habib, M. Ahsan, Supervisor |
| 9 (RLIN) | 9645 |
| 942 ## - ADDED ENTRY ELEMENTS (KOHA) | |
| Source of classification or shelving scheme | Dewey Decimal Classification |
| Koha item type | Theses |
| Source of classification or shelving scheme | Damaged status | Not for loan | Collection code | Permanent Location | Current Location | Shelving location | Date of accession | Source of acquisition | Total Checkouts | Full call number | Barcode | Date last seen | Copy number | Thesis |
|---|---|---|---|---|---|---|---|---|---|---|---|---|---|---|
| Dewey Decimal Classification | Not For Loan | Theses | Central Library, University of Rajshahi | Central Library, University of Rajshahi | Documentation Section | 02/12/2015 | Controller of Exam. R.U. | THE 332.17 AKC 2014 | D3861 | 17/10/2023 | C-1 | Theses |